Descripción histórica, artística, detallada y circunstanciada de la ciudad de Alcañiz y sus afueras / (Record no. 164633)

MARC details
000 -LEADER
campo de control de longitud fija 00701nam a22001815i 4500
001 - NÚMERO DE CONTROL
campo de control 164633
003 - IDENTIFICADOR DE NÚMERO DE CONTROL
campo de control ES-MaACL
005 - FECHA Y HORA DE LA ÚLTIMA TRANSACCIÓN
campo de control 20230906212955.0
008 - DATOS DE LONGITUD FIJA--INFORMACIÓN GENERAL
campo de control de longitud fija 980524s1860 sp |||| | spa d
040 ## - FUENTE DE CATALOGACIÓN
Centro catalogador/agencia de origen AR
Lengua de catalogación spa
Centro/agencia transcriptor AR
100 1# - ENTRADA PRINCIPAL--NOMBRE DE PERSONA
Nombre de persona Sancho, Nicolás.
9 (RLIN) 132401
245 10 - MENCIÓN DEL TÍTULO
Título Descripción histórica, artística, detallada y circunstanciada de la ciudad de Alcañiz y sus afueras /
Mención de responsabilidad, etc. por Nicolás Sancho ex Prior del Real Monasterio de Rueda.
260 ## - PUBLICACIÓN, DISTRIBUCIÓN, ETC.
Lugar de publicación, distribución, etc. Alcañiz :
Nombre del editor, distribuidor, etc. [s.n.],
Fecha de publicación, distribución, etc. 1860 (
Fabricante Imp. de Ulpiano Huerta)
300 ## - DESCRIPCIÓN FÍSICA
Extensión XIV, 672 p., [1] h. pleg. ;
Dimensiones 23 cm.
597 #1 - NOTA DE DESCRIPCIÓN FÍSICA
NOTA DE DESCRIPCIÓN FÍSICA H. pleg. es un árbol genealógico.
651 #4 - PUNTO DE ACCESO ADICIONAL DE MATERIA--NOMBRE GEOGRÁFICO
Nombre geográfico Alcañiz-
Subdivisión general Historia.
9 (RLIN) 157797
852 ## - LOCALIZACIÓN
Ubicación ES-MaACL
Número de control de estantería G-50
Nota libre -- Enc. hol.
Holdings
Estatus retirado Estado de pérdida Estado de daño No para préstamo Colección Biblioteca de origen Biblioteca actual Ubicación en estantería Fecha de adquisición Fuente de adquisición Total de préstamos Signatura topográfica completa Código de barras Visto por última vez Precio de reemplazo Tipo de ítem Koha
        Libros del s. XIX Biblioteca del Ateneo de Madrid Biblioteca del Ateneo de Madrid Depósito 2 17/01/2008     G-50 1172580 23/02/2023 23/02/2023 Libro impreso antiguo